Loading...
A Short history of the labour party
| Main Author: | |
|---|---|
| Format: | Printed Book |
| Published: |
London, The Macmillan Press
1985
|
| Edition: | Ed.8 |
| Subjects: |
| LEADER | 005430000a22001810004500 | ||
|---|---|---|---|
| 020 | |a 0-333-38692-2 | ||
| 082 | |a 324.241 07 M5 | ||
| 100 | |a Pelling, Henry | ||
| 245 | |a A Short history of the labour party | ||
| 250 | |a Ed.8 | ||
| 260 | |a London, The Macmillan Press | ||
| 260 | |c 1985 | ||
| 465 | |a P 6.95 | ||
| 650 | |a Political parties | ||
| 650 | |a United Kingdom | ||
| 942 | |c BK | ||
| 999 | |c 7440 |d 7440 | ||
| 952 | |0 0 |1 0 |4 1 |6 324_241000000000000_07_M5 |7 0 |8 ENG |9 7234 |a MGUL |b MGUL |c DA |d 2013-07-16 |e P 6.95 |l 0 |o 324.241 07 M5 |p 01800 |r 2013-07-16 |w 2013-07-16 |y BK | ||